Markets (Record no. 84339)
[ view plain ]
| 000 -LEADER | |
|---|---|
| fixed length control field | 01112cab a22002295a 4500 |
| 001 - CONTROL NUMBER | |
| control field | L157343 |
| 008 - FIXED-LENGTH DATA ELEMENTS--GENERAL INFORMATION | |
| fixed length control field | 121029e2012 xxk 000 0 eng d |
| 035 ## - SYSTEM CONTROL NUMBER | |
| System control number | (Sirsi) u157343 |
| 041 0# - LANGUAGE CODE | |
| Language code of text/sound track or separate title | eng |
| 100 1# - MAIN ENTRY--PERSONAL NAME | |
| Personal name | Sandher, Hardeep |
| 245 00 - TITLE STATEMENT | |
| Title | Markets |
| Remainder of title | Yorkshire and Humber |
| 260 ## - PUBLICATION, DISTRIBUTION, ETC. | |
| Date of publication, distribution, etc. | 2012 |
| 490 #0 - SERIES STATEMENT | |
| Series statement | Property Week |
| Volume/sequential designation | 78(42) 19 October 2012, 47-52(4) |
| 520 ## - SUMMARY, ETC. | |
| Summary, etc. | Developer MEPC is to start on the third phase of its Wellington Place, Leeds, scheme which will eventually total 1.1m sq ft of offices and residential space. Retail REIT Hammerson has purchased Leeds Victoria Quarter for £136m to create link with its nearby Eastgate Quarters scheme. Scottish Widows Investment Partnership is proceeding with the redevelopment of the Moor shopping centre in Sheffield. Yorkshire Design Group has submitted plans to create the largest data centres outside London as part of a new digital hub in the south of Leeds. |
| 590 ## - LOCAL NOTE (RLIN) | |
| Local note | KA |
| 651 #4 - SUBJECT ADDED ENTRY--GEOGRAPHIC NAME | |
| Geographic name | Yorkshire |
| 651 #4 - SUBJECT ADDED ENTRY--GEOGRAPHIC NAME | |
| Geographic name | Humber |
| 690 ## - LOCAL SUBJECT ADDED ENTRY--TOPICAL TERM (OCLC, RLIN) | |
| Topical term or geographic name as entry element | Commercial property |
| 9 (RLIN) | 6227 |
| 690 ## - LOCAL SUBJECT ADDED ENTRY--TOPICAL TERM (OCLC, RLIN) | |
| Topical term or geographic name as entry element | Residential property |
| 9 (RLIN) | 6266 |
| 700 1# - ADDED ENTRY--PERSONAL NAME | |
| Personal name | Lewis, Richard |
| 942 ## - ADDED ENTRY ELEMENTS (KOHA) | |
| Suppress in OPAC | 0 |
| Withdrawn status | Lost status | Source of classification or shelving scheme | Damaged status | Not for loan | Home library | Current library | Shelving location | Date acquired | Total Checkouts | Full call number | Barcode | Date last seen | Copy number | Price effective from | Koha item type |
|---|---|---|---|---|---|---|---|---|---|---|---|---|---|---|---|
| Dewey Decimal Classification | London | London | Journal article | 29/10/2012 | L157343 | 157343-1001 | 06/08/2019 | 1 | 06/08/2019 | Journal article |